Sweetshop revenge (Record no. 72449)

MARC details
000 -LEADER
fixed length control field 01160cam a2200241 4500
001 - CONTROL NUMBER
control field X121903
008 - FIXED-LENGTH DATA ELEMENTS--GENERAL INFORMATION
fixed length control field 030404n2003 000 0 eng u
035 ## - SYSTEM CONTROL NUMBER
System control number (Sirsi) u121903
100 ## - MAIN ENTRY--PERSONAL NAME
Personal name Murdoch, S.
245 ## - TITLE STATEMENT
Title Sweetshop revenge
260 ## - PUBLICATION, DISTRIBUTION, ETC.
Date of publication, distribution, etc. 2003
490 ## - SERIES STATEMENT
Series statement Estates Gazette
Volume/sequential designation (0304) 25 January 2003, 150(1)
520 ## - SUMMARY, ETC.
Summary, etc. In the commercial sector, a landlord usually retains an interest in the property and will enforce any obligations. Discusses the issue if a landlord is unwilling to intervene, whether a tenant can take steps to enforce lease covenants against another. Examines the case "Williams and another v Kiley (t/a CK Supermarkets Ltd) (2002)" where the CA upheld the rights of shopkeeper tenants to enforce user covenants against a fellow tenant when the landlord failed to intervene.
650 ## - SUBJECT ADDED ENTRY--TOPICAL TERM
Topical term or geographic name entry element WILLIAMS AND ANOTHER V KILEY (T/A CK SUPERMARKETS LTD)
650 ## - SUBJECT ADDED ENTRY--TOPICAL TERM
Topical term or geographic name entry element RESTRICTIVE COVENANTS
650 ## - SUBJECT ADDED ENTRY--TOPICAL TERM
Topical term or geographic name entry element LEASEHOLD COVENANTS
650 ## - SUBJECT ADDED ENTRY--TOPICAL TERM
Topical term or geographic name entry element USER COVENANTS
650 ## - SUBJECT ADDED ENTRY--TOPICAL TERM
Topical term or geographic name entry element SHOPKEEPERS
650 ## - SUBJECT ADDED ENTRY--TOPICAL TERM
Topical term or geographic name entry element CONTRACTS (RIGHTS OF THIRD PARTIES) ACT 1999
650 ## - SUBJECT ADDED ENTRY--TOPICAL TERM
Topical term or geographic name entry element COMMERCIAL TENANTS
690 ## - LOCAL SUBJECT ADDED ENTRY--TOPICAL TERM (OCLC, RLIN)
Topical term or geographic name as entry element LANDLORD AND TENANT-LEASES
942 ## - ADDED ENTRY ELEMENTS (KOHA)
Suppress in OPAC 0
Holdings
Withdrawn status Lost status Source of classification or shelving scheme Damaged status Not for loan Home library Current library Shelving location Date acquired Total Checkouts Full call number Barcode Date last seen Copy number Price effective from Koha item type
    Dewey Decimal Classification     London London Journal article 04/04/2003   X121903 121903-1001 06/08/2019 1 06/08/2019 Journal article